书目信息 |
| 题名: |
历史基础知识训练1000例
|
|
| 作者: | 丁木森 编著 | |
| 分册: | ||
| 出版信息: | 武汉 武汉大学出版社 1984 |
|
| 页数: | 368页 | |
| 开本: | 19cm | |
| 丛书名: | ||
| 单 册: | ||
| 中图分类: | G634.51 , G633.5 | |
| 科图分类: | ||
| 主题词: | 历史课--中学--教学参考资料 | |
| 电子资源: | ||
| ISBN: | ||
| 000 | 00680nam0 2200253 45 | |
| 001 | 1534872410 | |
| 005 | 20150119094142.17 | |
| 010 | @dCNY1.05 | |
| 091 | @aCN@b7279.7 | |
| 100 | @a19950629d1984 demy0chiy0121 ea | |
| 101 | 0 | @achi |
| 102 | @aCN@b420000 | |
| 105 | @ay q 000yy | |
| 200 | 10 | @a历史基础知识训练1000例@Ali shi ji chu zhi shi xun lian1000 li@f丁木森等编著 |
| 210 | @a武汉@c武汉大学出版社@d1984 | |
| 215 | @a368页@d19cm | |
| 300 | @a中学历史教学参考书 | |
| 606 | @a历史课@x中学@x教学参考资料 | |
| 690 | @aG634.51@v3 | |
| 690 | @aG633.5@v4 | |
| 701 | 0 | @a丁木森@Ading mu sen@4编著 |
| 801 | 0 | @aCN@bTSSF |
| 801 | 2 | @aCN@bNLC |
| 905 | @aZUCC@dG633.5@eJY20 | |
| 历史基础知识训练1000例/丁木森等编著.-武汉:武汉大学出版社,1984 |
| 368页;19cm |
| 中学历史教学参考书 |
| ISBN :CNY1.05 |
| ● |
| 相关链接 |
|
|
|
|
正题名:历史基础知识训练1000例
索取号:G633.5/JY20
 
预约/预借
| 序号 | 登录号 | 条形码 | 馆藏地/架位号 | 状态 | 备注 |
| 1 | 7835532 | 278355325 | 学院路分馆/ [索取号:G633.5/JY20] | 在馆 | |
| 2 | 7835533 | 278355334 | 学院路分馆/ [索取号:G633.5/JY20] | 在馆 | |
| 3 | 7835534 | 278355343 | 学院路分馆/ [索取号:G633.5/JY20] | 在馆 |